000 00441nam a22001457a 4500
008 141128b xxu||||| |||| 00| 0 eng d
050 _aPZ.3.G3934. R5
100 _aGiles, Norman
_912898
245 _aThe ridge of white waters
_c/ Norman Giles
260 _aLondon
_bCollins
_c1934
300 _a384p.
_c21cm.
650 _aJameson's Raid
_xFiction
_912899
650 _aSouth African war 1899-1902
_xFiction
_912900
942 _2lcc
_cMONOGRAPH
999 _c121339
_d121339